|
|
|
|
| LEADER |
01520nam a2200325 a 4500 |
| 001 |
14486338 |
| 008 |
100328r20022001njua b 001 0 eng d |
| 010 |
|
|
|a 2006050749
|
| 020 |
|
|
|a 8178083833
|
| 020 |
|
|
|a 0132404168
|
| 020 |
|
|
|a 9780132404167
|
| 040 |
|
|
|a DLC
|c DLC
|d BAKER
|d C#P
|d YDXCP
|d OCLCQ
|d DLC
|d DB-DhAAL
|
| 082 |
0 |
0 |
|a 005.13/3
|2 21
|
| 100 |
1 |
|
|a Deitel, H.M.
|
| 245 |
1 |
0 |
|a C:
|b how to program /
|c H.M. Deitel, P.J. Deitel.
|
| 250 |
|
|
|a 3rd ed.
|
| 260 |
|
|
|a Upper Saddle River, N.J. ;
|a Delhi :
|b Pearson Education,
|c c2001.[reprinted 2002]
|
| 300 |
|
|
|a L, 1253 p. :
|b ill. ;
|c 24 cm. +
|e 1 CD-ROM (4 3/4 in.)
|
| 490 |
0 |
|
|a How to program series
|
| 504 |
|
|
|a Includes bibliographical references and index.
|
| 541 |
1 |
|
|e 00012205
|
| 650 |
|
0 |
|a C (Computer program language)
|
| 650 |
|
0 |
|a C++ (Computer program language)
|
| 650 |
|
0 |
|a Java (Computer program language)
|
| 700 |
1 |
|
|a Deitel, P.J.,
|d 1945-
|
| 852 |
4 |
|
|a Ayesha Abed Library
|j General Shelf.
|
| 999 |
|
|
|c 7889
|d 7889
|
| 952 |
|
|
|0 0
|1 0
|2 ddc
|4 0
|6 005_133000000000000_DEI
|7 0
|9 8822
|a BRACUL
|b BRACUL
|c GEN
|d 2010-03-28
|g 680.00
|l 11
|m 30
|o 005.133 DEI
|p 3010012205
|r 2024-10-22
|s 2024-10-02
|t 1
|w 2010-03-28
|y BK
|
| 952 |
|
|
|0 0
|1 0
|2 ddc
|4 0
|6 005_133000000000000_DEI
|7 0
|9 11848
|a BRACUL
|b BRACUL
|c GEN
|d 2010-09-16
|g 680.00
|l 5
|m 4
|o 005.133 DEI
|p 3010012204
|q 2026-04-20
|r 2026-04-13
|s 2026-04-13
|t 2
|w 2010-09-16
|y BK
|
| 952 |
|
|
|0 0
|1 0
|2 ddc
|4 0
|6 005_133000000000000_DEI
|7 0
|9 14057
|a BRACUL
|b BRACUL
|c GEN
|d 2011-01-22
|l 3
|m 22
|o 005.133 DEI
|p 3010010616
|r 2024-06-06
|s 2024-06-06
|t 3
|w 2011-01-22
|y BK
|